| 000 | 00824cam a2200229 4500 | ||
|---|---|---|---|
| 001 | ABS61720 | ||
| 008 | 000000n1999 000 0 eng u | ||
| 035 | _a(Sirsi) u103191 | ||
| 100 | _aGraham, T. | ||
| 245 | _aPlanning obligations and the transfer of land | ||
| 260 | _c1999 | ||
| 490 |
_aJournal of Planning and Environment Law _v[1999] November 1999, 969-977(9) |
||
| 520 | _aAnalyses the legal mechanisms which can hold up transfers of interests in land for planning purposes. Refers to relevant case law. | ||
| 590 | _aABS | ||
| 650 | _aTRANSFER OF LAND | ||
| 650 | _aJELSON LTD V DERBY CC | ||
| 650 | _aWIMPEY HOLDINGS LTD V SOS ENVIRONMENT AND ANOTHER | ||
| 650 | _aPLANNING OBLIGATIONS | ||
| 650 | _aTOWN AND COUNTRY PLANNING ACT 1990 S106 | ||
| 690 |
_aPlanning and development _96259 |
||
| 942 | _n0 | ||
| 999 |
_c62020 _d62020 |
||